000 00291nam a22001337a 4500
003 SGT
082 _aSON 547
100 _aRATNANI,SONIA
245 _aEXPERIMENTAL ORGANIC CHEMISTRY
260 _aNEW DELHI
_bPHI
_c2012
300 _a375
650 _aORGANIC CHEMISTRY
942 _2ddc
_cFPS
_03
999 _c10082
_d10082